| 000 | 00815nam a2200265 a 4500 | ||
|---|---|---|---|
| 001 | BRL_1742 | ||
| 005 | 20190320211341.0 | ||
| 008 | 270715s1971----mx-o######---#000-0#spa-# | ||
| 041 | _aspa | ||
| 044 | _amx | ||
| 050 | 4 |
_aF1219.3 _b.C47 1971 |
|
| 100 | 1 |
_aChristensen, Bodil _927762 |
|
| 245 | 1 | 0 |
_aBrujerías y papel precolombino = Witchcraft and pre-columbian paper _cBodil Christensen, Samuel Marti. |
| 260 |
_aMéxico _bEdiciones Euroamericanas _c1971 |
||
| 300 |
_a88 p. _bil. _c21 cm. |
||
| 500 | _aAu1993 | ||
| 504 | _aBibliografía: p. 87-88 | ||
| 650 | 1 | 4 |
_aIndios de México _xReligión y Mitología _917371 |
| 650 | 1 | 4 |
_aMagia indígena _927763 |
| 650 | 1 | 4 |
_aBrujería _927764 |
| 700 | 1 |
_aMarti, Samuel _924008 |
|
| 740 | 0 | _aWitchcraft and pre-columbian paper | |
| 902 | _aGRL | ||
| 942 |
_2lcc _cB |
||
| 999 |
_c10550 _d10550 |
||